000
00330nam a22001337a 4500
008
170725b xxu||||| |||| 00| 0 eng d
020
_a
9780321335487
041
_a
eng
080
_a
004
100
_a
29
101
_a
SHKI
245
_a
ADVANCED COLOR CORRECTION AND EFFECTS IN FINAL CUT PRO 5
_c
HURKMANN, A.V
942
_2
udc
_c
BK
999
_c
21832
_d
21832